Beginning algebra. (Record no. 843)

MARC details
000 -LEADER
fixed length control field 00527cam a2200193 i 4500
020 ## - INTERNATIONAL STANDARD BOOK NUMBER
ISBN 9780073310503
050 00 - CALL NUMBER
Classification number QA152.3
Item number .B365
100 1# - AUTHOR
Personal name Hutchison, Donald,
245 10 - TITLE
Title Beginning algebra.
250 ## - EDITION
Edition statement 6th edition /
260 ## - PUBLICATION INFORMATION
Place of publication Boston, USA :
Name of publisher McGraw Hill,
Year of publication 2005
300 ## - DESCRIPTION
Number of Pages 1 volume (various pagings) :
Other physical details illustrations (some color) ;
500 ## - NOTES
General note Includes index.
650 #0 - SUBJECTS
Topical Term Algebra
650 #7 - SUBJECTS
Topical Term MATHEMATICS / Algebra / General.
700 1# - OTHER AUTHORS
Personal name Bergman, Barry.
700 1# - OTHER AUTHORS
Personal name Baratto, Stefan.
942 ## - ADDED ENTRY ELEMENTS (KOHA)
Koha item type Books
Holdings
Withdrawn status Lost status Home library Current library Date acquired Full call number Accession Number Koha item type
    Methodist University Library Wenchi Faculty Methodist University Library Wenchi Faculty 14/11/2017 QA152.3 .B365 29859 Books
    Methodist University Library Wenchi Faculty Methodist University Library Wenchi Faculty 14/11/2017 QA152.3 .B365 29625 Books
    Methodist University Library Wenchi Faculty Methodist University Library Wenchi Faculty 14/11/2017 QA152.3 .B365 29626 Books
Copyright © 2026  MUG Library